| 000 | 01195cab a2200385 4500 | ||
|---|---|---|---|
| 001 | ABS60008 | ||
| 008 | 090401t1999 xxu||||| |||| 00| 0 eng d | ||
| 035 | _a(Sirsi) u91112 | ||
| 041 | _aeng | ||
| 245 | _aInternational costings | ||
| 260 | _c1999 | ||
| 350 | _a0 | ||
| 490 |
_aBuilding _v264(8073) 5 February 1999, 60-65(6) |
||
| 520 | _aAn analysis of building costs for offices, industrial buildings, residential buildings and hotels; inflation; labour rates; and building materials in 32 countries across the world. Figures compiled by Gardiner & Theobald. | ||
| 650 | _aAFRICA | ||
| 650 | _aASIA | ||
| 650 | _aAUSTRALASIA | ||
| 650 | _aBUILT ENVIRONMENT-BUILDING COSTS | ||
| 650 | _aEUROPE | ||
| 650 | _aGARDINER AND THEOBALD INTERNATIONAL CONSTRUCTION COST SURVEY | ||
| 650 | _aHOTELS | ||
| 650 | _aINDUSTRIAL BUILDINGS | ||
| 650 | _aINFLATION | ||
| 650 | _aINTERNATIONAL BUILDING COSTS | ||
| 650 | _aLABOUR COSTS | ||
| 650 | _aMATERIALS PRICES | ||
| 650 | _aMIDDLE EAST | ||
| 650 | _aOFFICE COSTS | ||
| 650 |
_aRESIDENTIAL PROPERTY _96266 |
||
| 650 | _aRUSSIA | ||
| 650 | _aUNITED STATES | ||
| 690 | _aOVERSEAS | ||
| 942 | _n0 | ||
| 948 | _c04/02/1999 | ||
| 999 |
_c57817 _d57817 |
||